| 000 | 00625 a2200169 4500 | ||
|---|---|---|---|
| 003 | Nust | ||
| 005 | 20221012142620.0 | ||
| 040 | _cNust | ||
| 082 | _a541.395,TAM | ||
| 100 |
_aTamaru ,Kenzi _9100033 |
||
| 245 |
_aCatalysis by Electron Donor Acceptor Complexes / _cKenzi Tamaru |
||
| 260 |
_aTokyo _bHalsted Press _c1975 |
||
| 300 | _a208:P | ||
| 505 | _aIntroduction (Page-1), Formation of EDA Complexes (Page-9), Homogeneous Catalysis by EDA Complex (Page-53), Heterogeneous catalysis by EDA Complex (Page-93), The Role of EDA Complex in Biochemical Reaction(Page-159). | ||
| 650 |
_aElectron _9100034 |
||
| 942 |
_2ddc _cBK |
||
| 999 |
_c183705 _d183705 |
||